000
00334nam a2200145Ia 4500
008
230718s9999 xx 000 0 und d
041
_a
Eng.
082
_a
954.81
_b
GHA-M
100
_a
Ghaan Akmal Shazad
245
0
_a
Media mandi
260
_a
Pakistan
_b
Jamhori Publications
_c
2016
300
_a
322
650
_a
Law
999
_c
31587
_d
31587